000 00376pam a2200133 a 4500
020 _c
041 _h
082 _a338.184092
100 _aBHADURI (Amit) / NAYYAR (Deepak)
_eauthor
245 _aThe Intelligent Persons: Guide to Liberalization
_hTextual Document
260 _bPenguin Books India Pvt. Ltd. New Delhi , London
_c1996
300 _aXIII,194
930 _a10707
999 _c841465
_d841465